000 00625nam a2200253Ia 4500
001 12543
003 GE_BSU
008 181216s||||||||xx |||||||||||||| ||und||
020 _a9782011555120
040 _cGE_BSU
080 _a811.133.1
100 _aDollez,Catherine,. Pons,Sylvie
245 _aAlter Ego. 3 Methode de Francais. B1.
260 _aParis
260 _bHachette
260 _c2006
300 _a192p.29cm.
300 _e+1CD
541 _h70Gel.
653 _aAlter Ego. Methode de Francais
653 _aგრამატიკა
653 _aფრანგული ენა
942 _cBK
999 _c45716
_d45716